[Event "20ème Open international de La Réunion"]
[Site "Salle des fêtes de Bellepierre"]
[Date "2018.10.20"]
[Round "8.1"]
[White "Denoyelle, Arnaud"]
[Black "Leveille, Francois"]
[Result "1/2-1/2"]
[WhiteElo "2229"]
[BlackElo "2202"]
[PlyCount "181"]
[EventDate "2018.??.??"]

1. d4 f5 2. Bg5 h6 3. Bh4 g5 4. Bg3 Nf6 5. e3 d6 6. Nd2 Nc6 7. h4 Rg8 8. hxg5
hxg5 9. Bc4 e6 10. c3 Bd7 11. Nh3 Qe7 12. Qe2 O-O-O 13. O-O-O Rg7 14. f3 e5 15.
dxe5 Nxe5 16. Bb3 a6 17. Nf2 Re8 18. Rde1 Bb5 19. Qd1 Qd7 20. Qc2 Kb8 21. Bxe5
dxe5 22. Rh6 Be7 23. a4 Bc6 24. Nc4 Bd8 25. Na5 Bd5 26. Rd1 c6 27. e4 fxe4 28.
fxe4 Ng8 29. Rh8 Bxa5 30. exd5 Nf6 31. dxc6 Qxc6 32. Rh6 g4 33. Bd5 Qb6 34. Ne4
Qe3+ 35. Qd2 Nxd5 36. Nd6 Rf8 37. Nc4 Qxd2+ 38. Rxd2 Bd8 39. Rd6 Bg5 40. R6xd5
Rf2 41. Kc2 Bxd2 42. Rxd2 g3 43. Nxe5 Re7 44. Nd3 Ree2 45. Nxf2 gxf2 46. Rxe2
f1=Q 47. Rd2 Kc7 48. b3 Qa1 49. c4 Kc6 50. Rd5 Qa2+ 51. Kc3 Qxg2 52. a5 Qe4 53.
Kb4 Qe1+ 54. Ka3 Qb1 55. Kb4 Qa1 56. Rc5+ Kd6 57. Rd5+ Ke6 58. Rd8 Ke5 59. Rd5+
Ke4 60. Rd7 Qe1+ 61. Ka4 Qh1 62. Kb4 Ke3 63. Rd5 Qe1+ 64. Ka4 Qa1+ 65. Kb4 Ke2
66. Rd7 Qe1+ 67. Ka4 Qc3 68. Rd5 Ke3 69. Ka3 Ke4 70. Ka4 Qf6 71. Ka3 Qf8+ 72.
Ka4 Qe7 73. Rd1 Qe8+ 74. Kb4 Qc6 75. Rd5 Qc7 76. Ka4 Qe7 77. Rd1 Qc5 78. Rd5
b5+ 79. axb6 Qxb6 80. Ka3 Qf6 81. Ka4 Qa1+ 82. Kb4 a5+ 83. Rxa5 Qe1+ 84. Kb5
Kd4 85. Ra6 Kc3 86. c5 Qe4 87. Rb6 Qd5 88. b4 Kb3 89. Ka5 Qa8+ 90. Ra6 Qd8+ 91.
Rb6 1/2-1/2

[Event "20ème Open international de La Réunion"]
[Site "Salle des fêtes de Bellepierre"]
[Date "2018.10.20"]
[Round "8.2"]
[White "Testud, Philippe"]
[Black "Ranaivoharisoa, Alain"]
[Result "0-1"]
[WhiteElo "2158"]
[BlackElo "2196"]
[PlyCount "54"]
[EventDate "2018.??.??"]

1. d4 d5 2. Bf4 Nf6 3. e3 e6 4. Nd2 Bd6 5. Bg3 c5 6. c3 Nc6 7. Ngf3 Bxg3 8.
hxg3 Qd6 9. Bd3 Bd7 10. dxc5 Qxc5 11. e4 dxe4 12. Bxe4 Rd8 13. Qe2 O-O 14. g4
Nxe4 15. Nxe4 Qe7 16. g5 f5 17. gxf6 gxf6 18. O-O-O e5 19. g4 Kh8 20. g5 fxg5
21. Nfxg5 Bf5 22. Rxd8 Nxd8 23. Qh5 Rg8 24. Nf6 Rg7 25. Nfe4 Ne6 26. Nxe6 Qxe6
27. Ng5 Qe7 0-1

[Event "20ème Open international de La Réunion"]
[Site "Salle des fêtes de Bellepierre"]
[Date "2018.10.20"]
[Round "8.3"]
[White "Anilkumar, N R."]
[Black "Ramasindraibe, Girard"]
[Result "0-1"]
[WhiteElo "2334"]
[BlackElo "2073"]
[PlyCount "75"]
[EventDate "2018.??.??"]

1. c4 Nf6 2. Nc3 c6 3. d4 d5 4. Nf3 e6 5. Bg5 Nbd7 6. e3 Qa5 7. Nd2 Be7 8. Bh4
O-O 9. Bd3 Re8 10. O-O a6 11. a3 b5 12. cxd5 cxd5 13. b4 Qb6 14. Nb3 Bb7 15.
Nc5 Bd6 16. f4 Bc6 17. Qe2 Reb8 18. g4 a5 19. g5 Ne4 20. N3xe4 dxe4 21. Nxe4
Bf8 22. Nc5 g6 23. f5 exf5 24. d5 axb4 25. axb4 Rxa1 26. Rxa1 Nxc5 27. bxc5
Bxc5 28. dxc6 Bxe3+ 29. Kg2 Qxc6+ 30. Qf3 Qc3 31. Qxe3 Qxa1 32. Bg3 Qa8+ 33.
Qf3 Qxf3+ 34. Kxf3 Rb7 35. Ke3 b4 36. Kd2 Rd7 37. Kc2 Rd4 38. Ba6 0-1

[Event "20ème Open international de La Réunion"]
[Site "Salle des fêtes de Bellepierre"]
[Date "2018.10.20"]
[Round "8.4"]
[White "Triton, Maxime"]
[Black "Gimenez Martinez, Alberto"]
[Result "0-1"]
[WhiteElo "1941"]
[BlackElo "2213"]
[PlyCount "40"]
[EventDate "2018.??.??"]

1. d4 Nf6 2. Bf4 d5 3. e3 e6 4. Bd3 c5 5. c3 Nc6 6. Nf3 Bd6 7. Bg3 O-O 8. Nbd2
b6 9. Ne5 Bb7 10. f4 Ne7 11. Qf3 Nf5 12. Bf2 Be7 13. O-O Nd6 14. Rad1 Nfe4 15.
Qg4 c4 16. Bb1 b5 17. Nef3 f5 18. Qh3 Rf6 19. Nxe4 dxe4 20. Ng5 h6 0-1

[Event "20ème Open international de La Réunion"]
[Site "Salle des fêtes de Bellepierre"]
[Date "2018.10.20"]
[Round "8.5"]
[White "Roblet, Charles"]
[Black "Klein, Gernot"]
[Result "1-0"]
[WhiteElo "2052"]
[BlackElo "1904"]
[PlyCount "61"]
[EventDate "2018.??.??"]

1. e4 c5 2. d4 cxd4 3. c3 dxc3 4. Nxc3 e6 5. Bc4 a6 6. Nf3 Nc6 7. O-O Nge7 8.
Bg5 h6 9. Bh4 g5 10. Bg3 Ng6 11. Qd2 b5 12. Bxb5 axb5 13. Nxb5 Bb4 14. Qe3 O-O
15. Rfd1 Ba6 16. Nd6 Bxd6 17. Rxd6 Bc8 18. Rad1 Qa5 19. a3 Qa7 20. Qc3 Qa4 21.
b3 Qxa3 22. Qf6 e5 23. h4 Nd4 24. Nxe5 Ne2+ 25. Kh2 Qb2 26. R1d2 Qc1 27. Rxe2
Ra1 28. Kh3 Qh1+ 29. Kg4 Ra6 30. Nxg6 Rxd6 31. Qh8# 1-0

[Event "20ème Open international de La Réunion"]
[Site "Salle des fêtes de Bellepierre"]
[Date "2018.10.20"]
[Round "8.6"]
[White "Le Maguet, Loan"]
[Black "Quere, Alexandre"]
[Result "0-1"]
[WhiteElo "1420"]
[BlackElo "2087"]
[PlyCount "74"]
[EventDate "2018.??.??"]

1. b4 d5 2. d4 Bg4 3. Bb2 e5 4. h3 Bh5 5. dxe5 Bxb4+ 6. Nd2 Ne7 7. Ngf3 c5 8.
c3 Ba5 9. e3 Nbc6 10. Be2 Qc7 11. Nb3 Bxf3 12. Bxf3 Nxe5 13. O-O Rd8 14. Qe2
O-O 15. Rfd1 Bb6 16. e4 c4 17. Nd4 Nd3 18. Ba3 Rfe8 19. Rxd3 cxd3 20. Qxd3 dxe4
21. Bxe4 Ng6 22. Rd1 Kh8 23. g3 Ne5 24. Qc2 Bxd4 25. cxd4 Qxc2 26. Bxc2 Rxd4
27. Bc5 Rxd1+ 28. Bxd1 Nd3 29. Be3 b6 30. Kf1 Rd8 31. Bb3 Kg8 32. Ke2 Nc5 33.
Bc4 Kf8 34. Bf4 Ke7 35. Bb5 Ne4 36. Ke3 Nc3 37. Bc4 Nd5+ 0-1

[Event "20ème Open international de La Réunion"]
[Site "Salle des fêtes de Bellepierre"]
[Date "2018.10.20"]
[Round "8.7"]
[White "Rebut, Paul"]
[Black "Mezouaghi, Miloud"]
[Result "1/2-1/2"]
[WhiteElo "1718"]
[BlackElo "2022"]
[PlyCount "83"]
[EventDate "2018.??.??"]

1. e4 c5 2. Nf3 d6 3. c3 Nf6 4. Be2 g6 5. Qc2 Qc7 6. Na3 a6 7. d4 cxd4 8. Nxd4
Bg7 9. Be3 Nbd7 10. f3 b5 11. Qd2 h5 12. c4 bxc4 13. Bxc4 Bb7 14. Rc1 Qb8 15.
O-O O-O 16. Ne2 Rd8 17. Nf4 Nf8 18. Rfd1 e6 19. Bb3 d5 20. exd5 Nxd5 21. Nxd5
Bxd5 22. Nc4 Bxc4 23. Qxd8 Qxd8 24. Rxd8 Rxd8 25. Bxc4 a5 26. b3 Bd4 27. Kf2
Kg7 28. Bxd4+ Rxd4 29. Ke3 e5 30. Rc3 f5 31. Rd3 f4+ 32. Kd2 Rxd3+ 33. Kxd3 Kf6
34. Ke4 g5 35. a3 g4 36. b4 axb4 37. axb4 Nd7 38. Be2 gxf3 39. gxf3 Nb6 40. Bf1
Ke6 41. Bh3+ Kd6 42. Bf1 1/2-1/2

[Event "20ème Open international de La Réunion"]
[Site "Salle des fêtes de Bellepierre"]
[Date "2018.10.20"]
[Round "8.8"]
[White "Lorans, Sylvain"]
[Black "Andriandaza, Tombo Omar"]
[Result "1-0"]
[WhiteElo "2177"]
[BlackElo "1742"]
[PlyCount "53"]
[EventDate "2018.??.??"]

1. d4 d5 2. c4 e6 3. Nc3 c6 4. e4 dxc4 5. Bxc4 Nf6 6. Nf3 Be7 7. O-O O-O 8. a3
b5 9. Ba2 Bb7 10. Qd3 Re8 11. Bg5 Nbd7 12. Rad1 h6 13. Bh4 a5 14. e5 Nd5 15.
Bxe7 Nxe7 16. Ne4 Nc8 17. Bb1 Nf8 18. Nc5 Qe7 19. Nd2 Ng6 20. Qg3 Nf8 21. Nde4
Kh8 22. Rd3 Rd8 23. Qg4 b4 24. Rg3 Ng6 25. h4 Ba6 26. Nxa6 Rxa6 27. h5 1-0

[Event "20ème Open international de La Réunion"]
[Site "Salle des fêtes de Bellepierre"]
[Date "2018.10.20"]
[Round "8.9"]
[White "Desire, Michael"]
[Black "Dijoux, Julien"]
[Result "0-1"]
[WhiteElo "1702"]
[BlackElo "1831"]
[PlyCount "70"]
[EventDate "2018.??.??"]

1. d4 f5 2. e4 fxe4 3. Nc3 Nf6 4. Bg5 Nc6 5. Bxf6 exf6 6. Bc4 f5 7. Nge2 Bd6 8.
Nb5 Qf6 9. Qd2 a6 10. Nbc3 Ne7 11. O-O-O c6 12. Rhe1 Bc7 13. d5 d6 14. Nf4 c5
15. f3 b5 16. Bf1 O-O 17. Nh5 Qf7 18. Ng3 b4 19. Nb1 Bd7 20. fxe4 f4 21. Nh1
Ng6 22. e5 Nxe5 23. Rxe5 dxe5 24. d6 Bg4 25. b3 Rad8 26. Bc4 Be6 27. Bd3 Rxd6
28. Qe2 f3 29. gxf3 Qxf3 30. Qxe5 Qxd1+ 31. Kxd1 Rxd3+ 32. cxd3 Bxe5 33. Nd2
Bc3 34. Ng3 Bxd2 35. Kxd2 Rf4 0-1

[Event "20ème Open international de La Réunion"]
[Site "Salle des fêtes de Bellepierre"]
[Date "2018.10.20"]
[Round "8.10"]
[White "Rajaonson, Andriamahenina"]
[Black "Rajaobelina, Hery"]
[Result "1-0"]
[WhiteElo "1822"]
[BlackElo "1646"]
[PlyCount "59"]
[EventDate "2018.??.??"]

1. f4 Nf6 2. Nf3 g6 3. g3 Bg7 4. d3 d5 5. Bg2 c5 6. O-O O-O 7. Nc3 Na6 8. e4
Nb4 9. e5 Ng4 10. h3 Nh6 11. a3 Nc6 12. g4 f5 13. g5 Nf7 14. d4 cxd4 15. Nxd4
e6 16. Nce2 h6 17. h4 hxg5 18. hxg5 Ncxe5 19. fxe5 Nxe5 20. Nf4 Kf7 21. c3 Nc6
22. Nxf5 exf5 23. Bxd5+ Ke8 24. Re1+ Ne7 25. Nxg6 Qb6+ 26. Kg2 Qxg6 27. Bf4 Bf6
28. Qd2 Bxg5 29. Bxg5 f4 30. Rxe7+ 1-0

[Event "20ème Open international de La Réunion"]
[Site "Salle des fêtes de Bellepierre"]
[Date "2018.10.20"]
[Round "8.11"]
[White "Larmet, Nino"]
[Black "Duprey, Francois-Xavier"]
[Result "1-0"]
[WhiteElo "1786"]
[BlackElo "1589"]
[PlyCount "61"]
[EventDate "2018.??.??"]

1. d4 Nf6 2. Bf4 b6 3. Nf3 Bb7 4. e3 e6 5. Nbd2 Be7 6. Bd3 d6 7. c4 O-O 8. h3
c5 9. O-O d5 10. dxc5 Bxc5 11. Qe2 Nc6 12. Nb3 Bd6 13. Bg5 Be7 14. Nbd4 dxc4
15. Bxc4 Nxd4 16. Nxd4 Ne4 17. Bxe7 Qxe7 18. Nf3 Qf6 19. Rfd1 Rfd8 20. Rac1 Ng5
21. Nxg5 Qxg5 22. f3 Rac8 23. Bb3 h6 24. Rxd8+ Rxd8 25. Rc7 Ba6 26. Qxa6 Qxe3+
27. Kf1 Rd2 28. Qc8+ Kh7 29. Bc2+ f5 30. Bxf5+ exf5 31. Qxf5+ 1-0

[Event "20ème Open international de La Réunion"]
[Site "Salle des fêtes de Bellepierre"]
[Date "2018.10.20"]
[Round "8.12"]
[White "Evrin, Selvam"]
[Black "Ratsimikatry, Caryl Patrick"]
[Result "0-1"]
[WhiteElo "1518"]
[BlackElo "1782"]
[PlyCount "128"]
[EventDate "2018.??.??"]

1. e4 Nc6 2. Nf3 e5 3. Bc4 Nf6 4. d3 Be7 5. O-O O-O 6. Re1 d6 7. c3 Na5 8. Bb5
a6 9. Ba4 b5 10. Bc2 Bg4 11. Nbd2 c5 12. Nf1 h6 13. Ng3 Qc7 14. h3 Bd7 15. d4
cxd4 16. cxd4 Rac8 17. Bd3 Rfe8 18. b3 Nc6 19. Bb2 Bf8 20. Rc1 Qb7 21. Bb1 exd4
22. Nxd4 Ne5 23. Rxc8 Qxc8 24. Ngf5 g6 25. Ne3 Bg7 26. Qc1 Qb7 27. f3 Rc8 28.
Qd2 Nh5 29. Nd5 Be8 30. g4 Nf6 31. Nxf6+ Bxf6 32. Qxh6 Nxf3+ 33. Nxf3 Bxb2 34.
Qf4 Qb6+ 35. Kg2 Qc5 36. Rd1 Rd8 37. Qd2 Bg7 38. Qa5 Ra8 39. Rd5 Qc1 40. Bd3
Bc3 41. Qc7 Qb2+ 42. Kg3 Bb4 43. Qb7 Rd8 44. Qxa6 Bc5 45. e5 g5 46. Nd2 Be3 47.
Ne4 Qc1 48. Kf3 Bc6 49. Qa5 Ra8 50. Nf6+ Kh8 51. Qb4 Bc5 52. Qe4 Qh1+ 53. Kg3
Qg1+ 54. Qg2 Qxg2+ 55. Kxg2 Rxa2+ 56. Kg3 Bxd5 57. Nxd5 Rd2 58. Be4 dxe5 59.
Nc7 b4 60. h4 Bf2+ 61. Kf3 gxh4 62. Nd5 h3 63. Nxb4 h2 64. Kg2 Bc5+ 0-1

[Event "20ème Open international de La Réunion"]
[Site "Salle des fêtes de Bellepierre"]
[Date "2018.10.20"]
[Round "8.13"]
[White "Pun Chung, Leo"]
[Black "Bah, Ismael"]
[Result "1-0"]
[WhiteElo "1458"]
[BlackElo "1687"]
[PlyCount "57"]
[EventDate "2018.??.??"]

1. d4 d5 2. Bf4 Nf6 3. e3 e6 4. Nf3 Be7 5. c3 Nbd7 6. Nbd2 b6 7. Bd3 Bb7 8. Ne5
a6 9. a4 c5 10. O-O O-O 11. Qf3 Re8 12. g4 Nxe5 13. dxe5 Nd7 14. Qh3 Nf8 15.
Bg3 Rb8 16. f4 d4 17. Ne4 dxe3 18. Bc2 Qc7 19. f5 exf5 20. gxf5 e2 21. Rf2 Bd5
22. f6 Bxe4 23. Bxe4 Rbd8 24. Rxe2 gxf6 25. exf6 Qd7 26. Bf5 Qd5 27. fxe7 Rxe7
28. Rxe7 Qf3 29. Qg4+ 1-0

[Event "20ème Open international de La Réunion"]
[Site "Salle des fêtes de Bellepierre"]
[Date "2018.10.20"]
[Round "8.14"]
[White "Ova, Roberto"]
[Black "Etheve, Lionel"]
[Result "1/2-1/2"]
[WhiteElo "1212"]
[BlackElo "1682"]
[PlyCount "75"]
[EventDate "2018.??.??"]

1. c4 c5 2. Nc3 Nc6 3. g3 Nf6 4. Bg2 e6 5. e3 Be7 6. Nge2 a6 7. O-O Qc7 8. Rb1
b6 9. d4 cxd4 10. exd4 Bb7 11. Bg5 Na5 12. Bxb7 Qxb7 13. Bxf6 Bxf6 14. Qd3 Rc8
15. b3 O-O 16. Qe4 Qxe4 17. Nxe4 Be7 18. N2c3 Rfd8 19. d5 Bb4 20. Rfd1 Bxc3 21.
Nxc3 b5 22. dxe6 fxe6 23. Rd6 bxc4 24. Rxa6 cxb3 25. Rxa5 Rxc3 26. axb3 Rc7 27.
Ra6 Rb8 28. Ra2 Rcb7 29. Rab2 Kf7 30. b4 Kf6 31. Kg2 Ke5 32. Kh3 Kd4 33. b5 Kc5
34. Rc2+ Kb6 35. Rcb2 Rf8 36. f4 Rf5 37. Kg4 Rc7 38. Rd2 1/2-1/2

[Event "20ème Open international de La Réunion"]
[Site "Salle des fêtes de Bellepierre"]
[Date "2018.10.20"]
[Round "8.15"]
[White "Frelicot, Eric"]
[Black "Fautrel, Pierrick"]
[Result "1-0"]
[WhiteElo "1666"]
[BlackElo "1176"]
[PlyCount "61"]
[EventDate "2018.??.??"]

1. c4 e5 2. Nc3 Nf6 3. Nf3 Nc6 4. d4 d6 5. dxe5 dxe5 6. Qxd8+ Kxd8 7. Bg5 Be7
8. O-O-O+ Ke8 9. Nb5 Bd6 10. Nxd6+ cxd6 11. Bxf6 gxf6 12. Rxd6 Ke7 13. c5 Be6
14. e3 Bxa2 15. Bb5 Rac8 16. Rhd1 Be6 17. Bxc6 Rxc6 18. Rxc6 bxc6 19. Rd6 Bd5
20. Nh4 Rg8 21. Nf5+ Ke8 22. g3 Rg6 23. f4 Be4 24. Nh4 Rh6 25. fxe5 Ke7 26. b4
a6 27. Kd2 Rh5 28. exf6+ Ke8 29. Kc3 Rd5 30. Rxd5 Bxd5 31. Kd4 1-0

[Event "20ème Open international de La Réunion"]
[Site "Salle des fêtes de Bellepierre"]
[Date "2018.10.20"]
[Round "8.16"]
[White "Laoussing, Mathis"]
[Black "Fondrat, Johan"]
[Result "1-0"]
[WhiteElo "1421"]
[BlackElo "1499"]
[PlyCount "71"]
[EventDate "2018.??.??"]

1. e4 e5 2. Nf3 Nc6 3. d4 exd4 4. Nxd4 Bc5 5. Nxc6 bxc6 6. Bc4 Ne7 7. Qh5 d5 8.
O-O O-O 9. Bd3 h6 10. e5 f5 11. Bf4 Rb8 12. b3 Be6 13. Nd2 Bd4 14. Rac1 Bc3 15.
Nf3 Qe8 16. Qxe8 Rfxe8 17. Bd2 Bxd2 18. Nxd2 Ng6 19. f4 Rb4 20. g3 c5 21. c3
Rb7 22. Nf3 c4 23. bxc4 dxc4 24. Be2 Rb2 25. Nd4 Bd5 26. Rf2 Be4 27. Bh5 Rxf2
28. Kxf2 Kh7 29. Nb5 Rb8 30. Nxc7 Rb2+ 31. Ke3 Rxh2 32. Bf3 Bd3 33. Kd4 Rxa2
34. Bd5 Re2 35. Ra1 Rg2 36. Bxg2 1-0

[Event "20ème Open international de La Réunion"]
[Site "Salle des fêtes de Bellepierre"]
[Date "2018.10.20"]
[Round "8.17"]
[White "Rabe Andrianandrasan, Haingo"]
[Black "Alfonsi, Romain"]
[Result "1-0"]
[WhiteElo "1860"]
[BlackElo "1173"]
[PlyCount "77"]
[EventDate "2018.??.??"]

1. d4 d5 2. Nf3 Nc6 3. Bf4 Nf6 4. e3 a6 5. h3 Bf5 6. c4 e6 7. Nc3 Bb4 8. Rc1
Ne4 9. Qb3 Bxc3+ 10. bxc3 Na5 11. Qa4+ Nc6 12. Ne5 b5 13. cxb5 Nxe5 14. Bxe5
Qd7 15. Bxg7 Rg8 16. Be5 Ke7 17. Qb4+ Nd6 18. c4 dxc4 19. Bxc4 Rgb8 20. O-O
axb5 21. Bb3 f6 22. Bg3 Kf7 23. Rc5 Bd3 24. Rfc1 Rb7 25. Qc3 Bc4 26. Qc2 c6 27.
Qxh7+ Ke8 28. Qh8+ Ke7 29. Qxa8 Ne4 30. Rh5 Ng5 31. Qh8 Rc7 32. Bxc4 bxc4 33.
Rxc4 Rc8 34. Qg7+ Nf7 35. Rh7 Rf8 36. e4 Qa7 37. Rxc6 Qxd4 38. Rc7+ Kd8 39.
Qxf8# 1-0

[Event "20ème Open international de La Réunion"]
[Site "Salle des fêtes de Bellepierre"]
[Date "2018.10.20"]
[Round "8.18"]
[White "Padre, Maxime"]
[Black "Muller, Sebastien"]
[Result "1-0"]
[WhiteElo "1353"]
[BlackElo "1397"]
[PlyCount "87"]
[EventDate "2018.??.??"]

1. Nf3 c5 2. b3 d6 3. Bb2 Nc6 4. e3 a6 5. d4 cxd4 6. Nxd4 e5 7. Nf3 Bg4 8. Be2
e4 9. Nd4 Bd7 10. Nd2 d5 11. c4 Qg5 12. g3 Bh3 13. cxd5 Nxd4 14. Bxd4 Qxd5 15.
Bc4 Qf5 16. a3 Nf6 17. Bxf6 gxf6 18. Qc2 Bg2 19. Rg1 Bf3 20. Nxf3 Qxf3 21. Bd5
f5 22. Bxb7 Rd8 23. Qe2 Bg7 24. Qxf3 exf3 25. Rb1 Bc3+ 26. Kf1 a5 27. Bxf3 O-O
28. Kg2 Rd2 29. Rgd1 Ra2 30. a4 Bb4 31. Bd5 Rc8 32. Bc4 Bd2 33. Kf3 Kg7 34. Kf4
Kg6 35. g4 fxg4 36. Kxg4 f5+ 37. Kf3 Rf8 38. b4 Bxb4 39. Bxa2 h5 40. Rg1+ Kf6
41. Rbc1 Ke5 42. Rg5 Rd8 43. Rc6 Rd2 44. Re6# 1-0

[Event "20ème Open international de La Réunion"]
[Site "Salle des fêtes de Bellepierre"]
[Date "2018.10.20"]
[Round "8.19"]
[White "Vaast, Jean"]
[Black "Hermanns, Luis"]
[Result "0-1"]
[WhiteElo "1377"]
[BlackElo "1253"]
[PlyCount "104"]
[EventDate "2018.??.??"]

1. b4 d5 2. Bb2 e6 3. e3 Nf6 4. a3 c5 5. bxc5 Bxc5 6. d4 Be7 7. Nf3 O-O 8. Be2
Bd7 9. O-O Qb6 10. Bc1 Ne4 11. Bd3 Bb5 12. Nfd2 Bxd3 13. cxd3 Nxd2 14. Qxd2 Nd7
15. Nc3 Rac8 16. Bb2 f5 17. Rfc1 Rf6 18. Rc2 Rff8 19. Rac1 Qa5 20. Ra1 Rc6 21.
Ne2 Qxd2 22. Rxd2 Rfc8 23. Rc1 Nb6 24. Rxc6 Rxc6 25. Bc3 Na4 26. Bb4 Rb6 27. f3
Bxb4 28. axb4 Rxb4 29. Rc2 Rb2 30. Rc8+ Kf7 31. Nf4 Kf6 32. Rf8+ Ke7 33. Rc8
Nb6 34. Rc7+ Nd7 35. h4 a5 36. Rc8 a4 37. Ra8 b5 38. Ra6 Nf8 39. Ra7+ Kd6 40.
Rxg7 a3 41. Ra7 a2 42. Kh2 b4 43. Ra6+ Kc7 44. Nxe6+ Nxe6 45. Rxe6 a1=Q 46.
Re7+ Kc6 47. Rxh7 Qa8 48. Rh6+ Kb5 49. Rg6 Qh8 50. Kh3 Rb1 51. g3 Qe8 52. Rd6
Qf7 0-1

[Event "20ème Open international de La Réunion"]
[Site "Salle des fêtes de Bellepierre"]
[Date "2018.10.20"]
[Round "8.20"]
[White "Mablouke, Ulrich"]
[Black "Cavillot-Delestage, Raphael"]
[Result "1/2-1/2"]
[WhiteElo "1460"]
[BlackElo "1009"]
[PlyCount "82"]
[EventDate "2018.??.??"]

1. e4 c5 2. b4 cxb4 3. a3 bxa3 4. Nxa3 e5 5. Nb5 a6 6. f4 exf4 7. Nf3 Nf6 8. e5
Ng4 9. d4 Bb4+ 10. Bd2 Bxd2+ 11. Qxd2 b6 12. Bc4 O-O 13. Nd6 b5 14. Nxf7 Rxf7
15. Bxf7+ Kxf7 16. Qxf4+ Kg8 17. Qxg4 d6 18. Qg3 Nc6 19. O-O dxe5 20. c3 exd4
21. Ne5 Nxe5 22. Qxe5 dxc3 23. Qxc3 Be6 24. Qe5 Bc4 25. Rfd1 Qb6+ 26. Kh1 Bb3
27. Rd7 Bf7 28. Rf1 Re8 29. Qg5 Rf8 30. Qe7 Qg6 31. h3 a5 32. Rd8 Rxd8 33.
Qxd8+ Be8 34. Qd5+ Bf7 35. Qxb5 h6 36. Qxa5 Bc4 37. Qd8+ Kh7 38. Rf8 Qb1+ 39.
Kh2 Qe4 40. Rh8+ Kg6 41. Qb6+ Be6 1/2-1/2

[Event "20ème Open international de La Réunion"]
[Site "Salle des fêtes de Bellepierre"]
[Date "2018.10.20"]
[Round "8.21"]
[White "Assie, Joel"]
[Black "Fautrel, Sebastien"]
[Result "1-0"]
[WhiteElo "1381"]
[BlackElo "1110"]
[PlyCount "103"]
[EventDate "2018.??.??"]

1. d4 d5 2. Nf3 Nf6 3. Bf4 Nc6 4. e3 e6 5. a3 Be7 6. Nc3 O-O 7. Bd3 Bd6 8. Bg5
Be7 9. Bh4 Bd6 10. Nb5 Be7 11. Bg3 Ne8 12. Rc1 a6 13. Nc3 Bd6 14. Ne2 Bxg3 15.
hxg3 g6 16. Qd2 b5 17. e4 dxe4 18. Bxe4 Bb7 19. Qh6 Nf6 20. Ng5 Re8 21. Nxh7
Nxh7 22. Qxh7+ Kf8 23. Qh6+ Ke7 24. Qg5+ Kd7 25. Qc5 Rh8 26. Rh3 f5 27. Bf3 g5
28. g4 Rxh3 29. gxh3 fxg4 30. hxg4 Qe7 31. Rd1 Kc8 32. Qc3 Nd8 33. Qe3 Bxf3 34.
Qxf3 c5 35. Qxa8+ Kd7 36. Qa7+ Ke8 37. Qxe7+ Kxe7 38. dxc5 Nc6 39. Nd4 Nb8 40.
b4 e5 41. Nf5+ Ke6 42. Rd6+ Kf7 43. c6 Nxc6 44. Rxc6 Ke8 45. Rxa6 e4 46. Ke2
Kd7 47. Ke3 Kc7 48. Kxe4 Kb7 49. Re6 Kc7 50. Kd5 Kd8 51. Kc6 Kc8 52. Re8# 1-0

[Event "20ème Open international de La Réunion"]
[Site "Salle des fêtes de Bellepierre"]
[Date "2018.10.20"]
[Round "8.22"]
[White "Eric Andriana, Fitia"]
[Black "Leost, Joel"]
[Result "1-0"]
[WhiteElo "1186"]
[BlackElo "1350"]
[PlyCount "83"]
[EventDate "2018.??.??"]

1. e4 c5 2. Nc3 d6 3. g3 Nc6 4. Bg2 Rb8 5. Nge2 a6 6. d4 cxd4 7. Nxd4 e6 8. Be3
Qc7 9. f4 g6 10. Rb1 Bg7 11. O-O Nge7 12. Nxc6 bxc6 13. Qd2 O-O 14. Rfd1 Rd8
15. e5 d5 16. Bc5 Qb7 17. Bd6 Ra8 18. Na4 Nf5 19. Bb4 Bf8 20. Bxf8 Rxf8 21. Kh1
Qc7 22. Qc3 Ne7 23. g4 a5 24. Rg1 Rb8 25. a3 Ba6 26. f5 Rbd8 27. f6 Nc8 28. Qd2
Qxe5 29. Rgf1 Bxf1 30. Rxf1 Kh8 31. Qh6 Rg8 32. Qd2 Qc7 33. Nc5 Nd6 34. Nb3 Nc4
35. Qc3 Rb8 36. Nc5 Rxb2 37. Nxe6 Qb8 38. Ng5 Qb7 39. Nxh7 Rb1 40. Ng5 Rxf1+
41. Bxf1 Ra8 42. Qh3+ 1-0

[Event "20ème Open international de La Réunion"]
[Site "Salle des fêtes de Bellepierre"]
[Date "2018.10.20"]
[Round "8.23"]
[White "Sandjivy, Yann"]
[Black "Parame, Bruno"]
[Result "0-1"]
[WhiteElo "1010"]
[BlackElo "1399"]
[PlyCount "56"]
[EventDate "2018.??.??"]

1. e4 c5 2. Bc4 Nc6 3. Nf3 e5 4. Ng5 Qxg5 5. d4 Qd8 6. d5 Nce7 7. d6 Ng6 8. Qf3
Qf6 9. Qg3 Bxd6 10. Bg5 Qf4 11. Bxf4 exf4 12. Qg5 N8e7 13. e5 Bxe5 14. Nc3 a6
15. O-O b6 16. Rfe1 d6 17. Nd5 h6 18. Bb5+ axb5 19. Qh5 Nxd5 20. Qf3 Bb7 21.
Rad1 Nge7 22. b3 O-O 23. c4 Nc3 24. Rd3 Bxf3 25. Rxf3 Rxa2 26. g3 bxc4 27. gxf4
Bf6 28. bxc4 Nf5 0-1

[Event "20ème Open international de La Réunion"]
[Site "Salle des fêtes de Bellepierre"]
[Date "2018.10.20"]
[Round "8.24"]
[White "Sandjivy, Jean Marc"]
[Black "Mohamed, Keziah"]
[Result "0-1"]
[WhiteElo "1271"]
[BlackElo "1070"]
[PlyCount "68"]
[EventDate "2018.??.??"]

1. c4 Nf6 2. Nc3 b6 3. d4 Bb7 4. e3 e6 5. Be2 Bb4 6. Bd2 Bxc3 7. Bxc3 Bxg2 8.
Bf3 Bxh1 9. Bxh1 d5 10. cxd5 exd5 11. Qe2 Nc6 12. e4 O-O 13. e5 Re8 14. Qb5 Qd7
15. Kf1 Ne4 16. Be1 a6 17. Qd3 Qf5 18. Qb3 Rad8 19. Rc1 Nxd4 20. Qa4 Qxe5 21.
Rd1 c5 22. f3 Ng5 23. Bc3 b5 24. Qxa6 Nh3 25. Bxd4 cxd4 26. Kg2 Nxg1 27. Kxg1
Rd6 28. Qxb5 Rg6+ 29. Kf1 Qe3 30. Bg2 Rge6 31. Rc1 Qxc1+ 32. Kf2 Qe3+ 33. Kg3
Rg6+ 34. Kh4 Qh6# 0-1

[Event "20ème Open international de La Réunion"]
[Site "Salle des fêtes de Bellepierre"]
[Date "2018.10.20"]
[Round "8.25"]
[White "Hoareau-Fontaine, Clement"]
[Black "Bosi-Lagarde, Arthur"]
[Result "0-1"]
[WhiteElo "1130"]
[BlackElo "1110"]
[PlyCount "94"]
[EventDate "2018.??.??"]

1. e4 e5 2. f4 exf4 3. Nf3 Nc6 4. Nc3 Bc5 5. Bc4 d6 6. d4 Bb4 7. a3 Bxc3+ 8.
bxc3 Nf6 9. Qe2 O-O 10. Bxf4 Re8 11. Ng5 d5 12. Bd3 Bg4 13. Qe3 Qe7 14. e5 Rad8
15. O-O Nh5 16. Bxh7+ Kh8 17. h3 Nxf4 18. hxg4 Qxg5 19. Qxf4 Qxf4 20. Rxf4 Kxh7
21. Rxf7 Re7 22. e6 Rxe6 23. Rxc7 b6 24. Rf1 Re7 25. Rxc6 Rdd7 26. c4 dxc4 27.
Rxc4 Re4 28. g5 Rexd4 29. Rxd4 Rxd4 30. c3 Rd3 31. Rf7 Rxc3 32. Rxa7 b5 33. Ra6
Rc1+ 34. Kh2 Ra1 35. g6+ Kh6 36. Kh3 b4 37. Rb6 bxa3 38. Kh4 a2 39. g4 Rh1+ 40.
Kg3 a1=Q 41. Kf4 Qd4+ 42. Kf5 Qxb6 43. g5+ Kh5 44. Kf4 Qd4+ 45. Kg3 Rf1 46. Kh2
Qg1+ 47. Kh3 Rf3# 0-1

[Event "20ème Open international de La Réunion"]
[Site "Salle des fêtes de Bellepierre"]
[Date "2018.10.21"]
[Round "9.1"]
[White "Gimenez Martinez, Alberto"]
[Black "Denoyelle, Arnaud"]
[Result "1-0"]
[WhiteElo "2213"]
[BlackElo "2229"]
[PlyCount "87"]
[EventDate "2018.??.??"]

1. e4 Nc6 2. Nc3 d6 3. d4 Nf6 4. d5 Nb8 5. f4 c6 6. dxc6 Nxc6 7. Nf3 Qb6 8. h3
e6 9. Bd3 Be7 10. Qe2 O-O 11. g4 Bd7 12. Rb1 Nb4 13. Be3 Qa5 14. O-O Rac8 15.
Qf2 d5 16. e5 Ne4 17. Nxe4 dxe4 18. Bxe4 Nd5 19. Bxd5 Qxd5 20. Nd4 Bc5 21. c3
Bxd4 22. Bxd4 Bc6 23. Kh2 b5 24. Bxa7 Ra8 25. Bc5 Rfd8 26. a3 Qc4 27. Bd4 Rd7
28. f5 Rad8 29. Rbd1 Qb3 30. Rd2 Qd5 31. Re2 Qc4 32. Ree1 Qd3 33. Qe2 Rxd4 34.
cxd4 Qb3 35. Rd1 Qd5 36. Qf2 h6 37. Rc1 Qd7 38. Rc5 Be4 39. Rfc1 Ba8 40. Rc7
Qd5 41. fxe6 Qxe6 42. Kg3 Qd5 43. Rc8 Qd7 44. Qf5 1-0